00000000nam##2200000za#4500
0019.698933
003CaOODSP
00520210625000144
007cr |||||||||||
008150407|2001||||xxc|||||o    f|0| 0 eng|d
040 |aCaOODSP|beng
043 |an-cn---
0861 |aP4-58/2001E-PDF
1101 |aCanada. |bPublic Works and Government Services Canada.
24514|aThe environmentally responsible construction and renovation handbook |h[electronic resource]
250 |a2nd edition
260 |aOttawa - Ontario : |bPublic Works and Government Services Canada |cc2001.
300 |a179p.|bfigs., graphs, references, tables
590 |a14-05-Supp|b2014-02-26
69007|aConstruction|2gcpds
69007|aEnvironmental conservation|2gcpds
77508|tGuide pour une construction et une rénovation respectueuses de l'environnement |w(CaOODSP)9.642930
85640|ahttp://publications.gc.ca|qPDF|s2.10 MB|uhttps://publications.gc.ca/collections/collection_2014/tpsgc-pwgsc/P4-58-2001-eng.pdf